| 000 | 00349cam a22001217a 4500 | ||
|---|---|---|---|
| 008 | 180718b1954 xxu||||| |||| 00| 0 eng d | ||
| 082 | _aD44 Ap52 | ||
| 100 | _aAppleman, J.A. | ||
| 245 |
_aMilitary tribunals and international crimes _cby J.A.Appleman |
||
| 260 |
_aIndianapolis _bBobbs - Merrill _c1954 |
||
| 300 | _a421p. | ||
| 650 | _aWar crime trials | ||
| 999 |
_c478141 _d478141 |
||